000 00815nam a2200241 a 4500
001 BRCA_8613
003 FranzMayer
005 20230724113331.0
008 220916s1787----ag-#######---#000-0#lat-#
040 _aMFM
_besp
_cMFM
084 _aBE25
_b.G46 1787
100 1 _aGenovesi, Antonio,
_d1712-1769
_921371
245 1 0 _aUniversae Christianae Theologiae elementa dogmatica, historica, critica
_cAntonii Genuensis.
250 _a3
260 _aVenecia
_bBaptistae Pasquali
_c1787
300 _a8, 456 p. (t.1)
_c17.5 x 12 cm.
506 0 _aFondo reservado : para su consulta es necesario credencial de usuario y carta de motivos
546 _aTexto en : latín
650 1 4 _aTeología dogmática
_921525
700 1 _aPasquali, Giovanni Battista (Venecia)
_eImpresor
_921526
902 _aCFM
942 _2lcc
_cB
999 _c8274
_d8274